Las bicicletas son para el verano / (Record no. 185232)

MARC details
000 -LEADER
campo de control de longitud fija 01189nam a2200313 i 4500
001 - NÚMERO DE CONTROL
campo de control 185232
003 - IDENTIFICADOR DE NÚMERO DE CONTROL
campo de control SpMaBN
005 - FECHA Y HORA DE LA ÚLTIMA TRANSACCIÓN
campo de control 20250805005729.0
008 - DATOS DE LONGITUD FIJA--INFORMACIÓN GENERAL
campo de control de longitud fija 160421s2009 sp |||| | spa d
020 ## - NÚMERO INTERNACIONAL ESTÁNDAR DEL LIBRO
Número Internacional Estándar del Libro 978-84-95576-99-6
080 ## - NÚMERO DE LA CLASIFICACIÓN DECIMAL UNIVERSAL
Número de la Clasificación Decimal Universal 821.134.2-23"19"
100 0# - ENTRADA PRINCIPAL--NOMBRE DE PERSONA
Nombre de persona Fernán Gómez, Fernando,
Fechas asociadas al nombre 1921-2007
9 (RLIN) 49315
245 14 - MENCIÓN DEL TÍTULO
Título Las bicicletas son para el verano /
Mención de responsabilidad, etc. de Fernando Fernán Gómez. Dios está lejos / de Marcial Suárez. Querido amigo / de Joan Guasp ; edición de Pedro Ojeda Escudero.
250 ## - MENCION DE EDICION
Mención de edición 1ª ed.
260 ## - PUBLICACIÓN, DISTRIBUCIÓN, ETC.
Lugar de publicación, distribución, etc. Madrid :
Nombre del editor, distribuidor, etc. Publicaciones de la Asociación de Directores de Escena de España,
Fecha de publicación, distribución, etc. 2009.
300 ## - DESCRIPCIÓN FÍSICA
Extensión 322 p. ;
Dimensiones 22 cm.
490 1# - MENCIÓN DE SERIE
Mención de serie Premios Lope de Vega ;
Designación de volumen o secuencia 16
586 ## - NOTA DE PREMIOS
Nota de premios Premios "Lope de Vega" (1977-1979)
700 1# - ENTRADA AGREGADA--NOMBRE PERSONAL
Nombre de persona Suárez, Marcial.
9 (RLIN) 108573
700 12 - ENTRADA AGREGADA--NOMBRE PERSONAL
Nombre de persona Guasp, Joan (
Fechas asociadas al nombre 1943-)
9 (RLIN) 159411
700 12 - ENTRADA AGREGADA--NOMBRE PERSONAL
Nombre de persona Ojeda Escudero, Pedro
9 (RLIN) 159412
710 2# - ENTRADA AGREGADA--NOMBRE DE ENTIDAD CORPORATIVA
Nombre de entidad corporativa o nombre de jurisdicción como elemento de entrada Asociación de Directores de Escena.
9 (RLIN) 159413
740 02 - ENTRADA AGREGADA--TÍTULO RELACIONADO/ANALÍTICO NO CONTROLADO
Título relacionado o analítico no controlado Dios está lejos.
740 02 - ENTRADA AGREGADA--TÍTULO RELACIONADO/ANALÍTICO NO CONTROLADO
Título relacionado o analítico no controlado Querido amigo.
830 00 - PUNTO DE ACCESO ADICIONAL DE SERIE-TÍTULO UNIFORME
Título uniforme Premios Lope de Vega
Designación de volumen o secuencia 16
9 (RLIN) 189480
852 ## - LOCALIZACIÓN
Ubicación ES-MaACL
Número de control de estantería A-13708
itemnumber 192252
Sublocalización o colección R.150746
Ubicación en estantería Depósito 1
Signatura antigua Olim: N-6708
942 ## - ELEMENTOS DE ENTRADA SECUNDARIOS (KOHA)
Fuente del sistema de clasificación o colocación Clasificación decimal universal
Holdings
Estatus retirado Estado de pérdida Fuente del sistema de clasificación o colocación Estado de daño No para préstamo Biblioteca de origen Biblioteca actual Ubicación en estantería Fecha de adquisición Fuente de adquisición Total de préstamos Signatura topográfica completa Código de barras Visto por última vez Precio de reemplazo Tipo de ítem Koha
    Clasificación decimal universal     Biblioteca del Ateneo de Madrid Biblioteca del Ateneo de Madrid Depósito 1 21/04/2016 Donación   A-13708 1195141 23/02/2023 23/02/2023 Libro impreso